000 00818cam a22002533a 4500
001 30053
003 PGUSA
005 20140828083641.0
008 090921s2009||||xxu|||||s|||||000 | eng d
040 _aPGUSA
_beng
042 _adc
050 4 _aPQ
100 1 _aPalacio Valdés, Armando,
_d1853-1938
245 1 0 _aLos Puritanos, y otros cuentos
_h[electronic resource] /
_cArmando Palacio Valdés
260 _bProject Gutenberg,
_c2009
505 0 _aEl pájaro en la nieve -- La confesion de un crimen -- El sueño de un reo de muerte -- Los puritanos.
506 _aPublic domain in the USA.
516 _aElectronic text
653 _aShort stories, Spanish
700 1 _aFaulkner, William Thomas
830 0 _aProject Gutenberg
_v30053
856 4 0 _uhttp://www.gutenberg.org/ebooks/30053
942 _cEB
999 _c259308
_d259308